000 01062cab a2200265 4500
001 ABS46634
008 090401t1992 xxu||||| |||| 00| 0 eng d
035 _a(Sirsi) u58940
041 _aeng
100 _aSmith, G.
245 _aDevelopment planning in practice - Section 54a What change?
260 _c1992
350 _a0
490 _aProperty Journal
_vJune 1992, 18-19(2)
520 _aExplains the new section 54a of the Town and Country Planning Act 1990 inserted by Planning and Compensation Act 1991, which requires that where a planning determination has to have regard to a development plan `the determination shall be made in accordance with the development plan unless material considerations indicate otherwise` and examines what it will mean in practice.
650 _aDOE CIRCULAR 14/1991
650 _aPLANNING POLICY GUIDANCE NOTE 1
650 _aPLANNING POLICY GUIDANCE NOTE 15
650 _aPPG1
650 _aPPG15
690 _aPLANNING LAW AND PRACTICE
700 _aMackney, C.
942 _n0
948 _c04/03/1997
999 _c36066
_d36066